| 000 -LEADER |
| fixed length control field |
00443nam a22001337a 4500 |
| 008 - FIXED-LENGTH DATA ELEMENTS--GENERAL INFORMATION |
| fixed length control field |
200316b ||||| |||| 00| 0 eng d |
| 020 ## - INTERNATIONAL STANDARD BOOK NUMBER |
| International Standard Book Number |
9780521132572 |
| 100 ## - MAIN ENTRY--PERSONAL NAME |
| 9 (RLIN) |
2342 |
| Personal name |
Verbeke, Alain |
| 245 10 - TITLE STATEMENT |
| Title |
International business strategy : rethinking the foundations of global corporate success |
| 260 ## - PUBLICATION, DISTRIBUTION, ETC. (IMPRINT) |
| Place of publication, distribution, etc |
New Delhi: |
| Name of publisher, distributor, etc |
Cambridge University Press, |
| Date of publication, distribution, etc |
2009. |
| 300 ## - PHYSICAL DESCRIPTION |
| Extent |
xiii,481p. |
| 650 #0 - SUBJECT ADDED ENTRY--TOPICAL TERM |
| Topical term or geographic name as entry element |
Strategic Management |
| 942 ## - ADDED ENTRY ELEMENTS (KOHA) |
| Item type |
Books |